Quick Pick: TV Episode Naming Conventions Quiz Stats

 Plays Quiz Updated Jun 18, 2019

Score 0/10 Timer 01:00
1 Play Today
% Correct
Friends
80.4%
Perry Mason
65.3%
It's Always Sunny in Philadelphia
57.3%
Monk
52.1%
Chuck
43.1%
Scrubs
37.4%
The Man from U.N.C.L.E
32.8%
Jessica Jones
29.9%
Leverage
24.3%
The Wild Wild West
22.9%

Today's Daily Dose

Missing Word
Celine Dion

Word Ladder
Dr. Seuss Books

Quick Pick
Cities in India

Get the Picture
'A' Actresses

You're not logged in!

Compare scores with friends on all Sporcle quizzes.
OR
Log In

Sporcle TV

Today on Sporcle TV


Watch our educational content, quiz creation guides, and fun videos on Sporcle TV.

Show Comments

Extras

Top Quizzes Today


Score Distribution

Your Account Isn't Verified!

In order to create a playlist on Sporcle, you need to verify the email address you used during registration. Go to your Sporcle Settings to finish the process.

Report this User

Report this user for behavior that violates our Community Guidelines.

Details: